000 00380nam a2200169Ia 4500
001 27802
003 IN-NITTTR
005 20251114233345.0
008 251113s9999||||xx |||||||||||||| ||eng||
040 _beng
040 _cIN-NITTTR
041 _aeng
082 _a891.433 V45C
100 _aWats, Srinivas
245 0 _achor bhaye kotwal /
_cWats, Srinivas
942 _2ddc
_cBK
999 _c30430
_d30430